000 00891nam a2200217Ia 4500
999 _c163705
_d163705
003 LDD
005 20191220145535.0
008 190117s9999 xx 000 0 und d
020 _a9789382821014
_c₹280
040 _cLDD
041 _ahi
082 _223
_a8H1.71 स6326
245 0 _aसृजनात्मकता के आयाम:
_bउदय प्रकाश पर एकाग्र/
_cसंपादक ज्योतिष जोशी
260 _bनयी किताब
_c2017
_aदिल्ली
300 _axiii, 160
650 _aसृजनात्मकता का आयाम
_99784
700 _aजोशी, ज्योतिष
_eसंपादक
_99785
901 _aSTAR
904 _aReqst by : Satyakam
942 _2ddc
_cH
_e23
_h8H1.71 स6326